000 00664 a2200205 4500
001 13847
005 20260407155445.0
008 260407a1983 arg spa d
003 AR-UNSa-BCEJYS
040 _aAR-UNSa-BCEJYS
_bspa
_cAR-UNSa-BCEJYS
080 _a347.7
_xDerecho Mercantil. Derecho Comercial
245 1 0 _aCurso de derecho comercial
_pparte general
020 _a950-14-0142-1
264 1 _aBuenos Aires :
_bDepalma
_c1983
300 _a2 v.
_c23 cm.
942 _cBK
590 _aniveau_biblio:m niveau_hierar:0
100 1 _aRomero, José Ignacio
856 4 1 _uhttps://biblioeco.unsa.edu.ar/pmb/images/libros/L53439.jpg
_yImagen de portada
_qimage/jpeg
999 _c554
_d554